MARC details
| 000 -CABECERA |
| campo de control de longitud fija |
02851nam a2200277 a 4500 |
| 001 - NÚMERO DE CONTROL |
| campo de control |
000041179 |
| 003 - IDENTIFICADOR DEL NÚMERO DE CONTROL |
| campo de control |
DO-SdBNP |
| 005 - FECHA Y HORA DE LA ÚLTIMA TRANSACCIÓN |
| campo de control |
20250701121839.0 |
| 007 - CAMPO FIJO DE DESCRIPCIÓN FÍSICA--INFORMACIÓN GENERAL |
| campo de control de longitud fija |
ta |
| 008 - DATOS DE LONGITUD FIJA--INFORMACIÓN GENERAL |
| campo de control de longitud fija |
130705s2007 dr 000 0 spa d |
| 040 ## - FUENTE DE LA CATALOGACIÓN |
| Centro catalogador/agencia de origen |
DO-SdBNP |
| Lengua de catalogación |
spa |
| Centro/agencia transcriptor |
BNPHU |
| 082 ## - NÚMERO DE LA CLASIFICACIÓN DECIMAL DEWEY |
| Número de edición |
22 |
| Número de clasificación |
378 |
| Número de documento/Ítem |
F727n |
| 111 2# - ENTRADA PRINCIPAL--NOMBRE DE CONGRESO/REUNIÓN |
| Nombre de congreso/reunión o jurisdicción como elemento de entrada |
Foro Presidencial por la Excelencia de la Educación |
| Fecha del congreso/reunión |
(2007 : |
| Sede del congreso/Lugar de la reunión |
Santo Domingo) |
| 9 (RLIN) |
56821 |
| 245 10 - MENCIÓN DE TÍTULO |
| Título |
Normativa y requerimientos espaciales para la infraestructura de instituciones de nivel superior : |
| Resto del título |
mesas de trabajo de la SEESCYT |
| 260 ## - PUBLICACIÓN, DISTRIBUCIÓN, ETC. |
| Lugar de publicación, distribución, etc. |
Santo Domingo : |
| Nombre del editor, distribuidor, etc. |
SEESCyT, |
| Fecha de publicación, distribución, etc. |
2007. |
| 300 ## - DESCRIPCIÓN FÍSICA |
| Extensión |
141 p. ; |
| Dimensiones |
24 cm. |
| 490 1# - MENCIÓN DE SERIE |
| Mención de serie |
Mesas de trabajo de la SEESCyT |
| 505 ## - NOTA DE CONTENIDO CON FORMATO |
| Nota de contenido con formato |
Introducción 9|Objetivo del documento 10|Aplicación 10|EVALUACIÓN INFRAESTRUCTURA FÍSICA, PLANTELES DE NIVEL SUPERIOR 11|Evaluación quinquenal 11|Inspecciones y supervisiones de infraestructura 11|Planos y documentos constructivos 12|Formulario de preguntas e informaciones técnicas para la evaluación y o sometimiento de proyectos de infraestructura para planteles de nivel superior 13|Tipos de intervenciones que se preveen y documentación requerida por tipo de intervención 16|ARQUITECTURA E INSTITUCIONES DE NIVEL SUPERIOR 18|Criterios generales de diseño 18|SITUACIÓN AMBIENTAL DE LA INFRAESTRUCTURA DE EDUCACIÓN SUPERIOR 21|RECOMENDACIONES GENERALES PARA EL DISEÑO DE INSTITUCIONES DE NIVEL SUPERIOR 21|Flexibilidad 21|Crecimiento 22|Adaptabilidad 22|Uso del espacio 22|Mantenimiento eficiencia de la edificación 23|NORMAS Y REGULACIONES 23|Localización 23|Terrenos, configuración 26|Superficie mínima requerida de los terrenos 27|Plano de conjunto 27|Vías de accesos 29|Accesos dentro del conjunto 30|Calzadas, calles y áreas de estacionamiento 31|Señalización exterior 32|Verja perimetral 32|Iluminación exterior 33|Paisajismo 33|Tamaño de los espacios diseño por ocupación número de usuarios 34|Estándares mínimos por espacio que componen la institución de nivel superior 35|CONSIDERACIONES GENERALES 48|Aulas de teoría 48|Biblioteca centro de estudio 49|Centro de producción de medios 51|Sala de informática 51|Sala de usos múltiples o multiuso hasta 50 usuarios 53|Auditorio 53|Cafetería y cocina 54|Laboratorios y talleres 55|Taller de tecnología básica 60|Taller de arte o manualidades 60|Salón de teatro y música 61|Servicios estudiantiles 61|ACÚSTICAS 74|ESPECIFICACIONES TÉCNICAS 81|PROTOCOLO MEDIO-AMBIENTAL 102 |
| 590 ## - NOTA LOCAL (RLIN) |
| Nota local |
Inventariado, 2022 / DG |
| 650 #4 - PUNTO DE ACCESO ADICIONAL DE MATERIA--TÉRMINO DE MATERIA |
| Término de materia o nombre geográfico como elemento de entrada |
Edificios universitarios |
| Subdivisión general |
Normas |
| Subdivisión geográfica |
República Dominicana |
| 9 (RLIN) |
82527 |
| 650 #4 - PUNTO DE ACCESO ADICIONAL DE MATERIA--TÉRMINO DE MATERIA |
| Término de materia o nombre geográfico como elemento de entrada |
Universidades |
| Subdivisión general |
Conferencias, Congresos, etc. |
| Subdivisión geográfica |
República Dominicana |
| 9 (RLIN) |
82528 |
| 710 1# - PUNTO DE ACCESO ADICIONAL--NOMBRE DE ENTIDAD CORPORATIVA |
| Nombre de entidad corporativa o nombre de jurisdicción como elemento de entrada |
República Dominicana. |
| Unidad subordinada |
Secretaría de Estado de Educación Superior, Ciencia y Tecnología |
| 9 (RLIN) |
18778 |
| 830 #0 - PUNTO DE ACCESO ADICIONAL DE SERIE-TÍTULO UNIFORME |
| Título uniforme |
Mesas de trabajo de la SEESCyT |
| 9 (RLIN) |
65706 |
| 910 ## - DATOS DE OPCIÓN DEL USUARIO (OCLC) |
| Datos de opción del usuario |
DG |
| 942 ## - ELEMENTOS DE PUNTO DE ACCESO ADICIONAL (KOHA) |
| Fuente del sistema de clasificación o colocación |
Dewey Decimal Classification |
| Tipo de ítem Koha |
Libro |